[Event "Montreal WCT"]
[Site "Montreal"]
[Date "2005.01.16"]
[Round "2"]
[White "Nataf, Igor Alexandre"]
[Black "Perelshteyn, Eugene"]
[Result "1/2-1/2"]
[WhiteElo "2557"]
[BlackElo "2505"]
[Annotator "Erenburg,S"]
[PlyCount "56"]
[EventDate "2005.01.15"]
[EventType "tourn"]
[EventRounds "9"]
[EventCountry "CAN"]
[EventCategory "10"]
[SourceTitle "CBM 105"]
[Source "ChessBase"]
[SourceDate "2005.04.11"]
[SourceVersion "1"]
[SourceVersionDate "2005.04.11"]
[SourceQuality "1"]

1. e4 e5 2. Nf3 Nc6 3. d4 exd4 4. Nxd4 Nf6 5. Nxc6 bxc6 6. e5 Qe7 7. Qe2 Nd5 8.
c4 Ba6 9. b3 O-O-O {Another theoretical line is} (9... g6 {1/2-1/2 Radjabov,
T-Kasparov,G/Linares 2004/CBM 100/[Postny] (58)}) 10. g3 ({In practice} 10. Bb2
{also appears, but the move in the text seems to be preferable.}) 10... g5 {
This move is a rare one in this particular position, but it can transpose to 9.
..g5 variation. Usually black is trying to use the f7-f6 break.} (10... f6 {
1-0 Pavasovic,D-Jenni,F/Leipzig 2002/CBM 89/[Postny] (41)}) (10... Re8 11. Bb2
f6 {- see the commented game De la Riva Aguado,O-Xie Jun/Pamplona 1999/CBM 69 
[Mikhalevski,V]}) 11. Bb2 ({Worse is} 11. Ba3 $2 {, in view of} Nb4 $1 $146 12.
Bb2 Bg7 13. Bg2 Nd3+ $1 14. Qxd3 Bxe5 15. Bxe5 $6 Qxe5+ 16. Qe3 Qxa1 17. O-O {
[%csl Ra7]} Kb8 $19 {0-1 Macieja,B-Karpov,A/Warsaw 2003/CBM 95/[Postny] (34)})
11... Bg7 12. Nd2 Nb4 13. Nf3 (13. Kd1 $143 c5 14. Bg2 Bb7 15. Bxb7+ Kxb7 16.
f4 d6 $15 {0-1 Gaston,S-Verat,L/Paris 2001/CBM 83 ext (39)}) 13... Rhe8 {
Black tried also} (13... c5 {0-1 Kovchan,A-Potapov,A/Noyabrsk 2003/CBM 99/
[Postny] (40)}) 14. Bh3 c5 {opening the long diagonal for the light-squared
bishop.} ({Also possible:} 14... h5 15. a3 g4 16. axb4 gxf3 17. Qxf3 Qxb4+ 18.
Kf1 Bb7 19. Rxa7 c5 20. Ra8+ Bxa8 21. Qxa8+ Qb8 22. Qa1 c6 $2 23. e6 Bxb2 24.
exd7+ Rxd7 25. Qxb2 $18 {1-0 Baklan,V-Pedersen,N/Brussels 2000/EXT 2001 (45)})
15. O-O $146 {In the preceding game white continued} (15. Bg4 f6 16. Bh5 fxe5
$5 17. Bxe8 Rxe8 18. O-O Bb7 19. Rfe1 e4 20. Rad1 g4 21. Nh4 e3 22. Bxg7 Qe4
23. fxe3 Qh1+ 24. Kf2 Qxh2+ 25. Kf1 Qxg3 26. Ng2 $1 Re7 27. Qf2 $8 Qxf2+ 28.
Kxf2 g3+ 29. Kg1 Rxg7 $15 {1/2-1/2 Motylev,A-Jakovenko,D/Elista 2001/CBM 83/
[Postny] (41)}) 15... h5 {threatening with g5-g4.} 16. Bg2 Bb7 (16... g4 $6 {
doesn't lead to anything good for Black:} 17. Nh4 Bxe5 18. Rae1 f6 19. a3 Bxb2
(19... Nc6 20. Bxc6 dxc6 21. Ng6 $16) 20. Qxe7 Rxe7 21. Rxe7 Bxa3 22. Rd1 $16)
17. Rfe1 f6 {Black has to attack White's central pawn, which promises White an
obvious space advantage. Other possibilities are:} ({Deserved attention:} 17...
d6 {, that was played four days later in the same tournament:} 18. Qf1 Qf8 19.
Rad1 {1/2-1/2 Nataf,I-Mikhalevski,V/Montreal 2005/CBM 105_03 (19)}) (17... g4
18. Nh4 Bxg2 19. Kxg2 {[%cal Yh4f5]} Bf6 20. Nf5 Qe6 21. Qe4 Nc6 22. f4 gxf3+
23. Qxf3 Bh8 24. Re4 $14) 18. Qd2 fxe5 19. Bxe5 $6 ({White missed a better
opportunity:} 19. Nxe5 Bxg2 20. Kxg2 Qf6 21. a3 Na6 22. Rad1 $14) 19... g4 ({
Of course, worse is} 19... Bxf3 20. Bxg7 Qxg7 21. Bxf3 $16) 20. Bb2 (20. Bxc7 {
doesn't work, in view of} Qf8 21. Bd6 (21. Bxd8 gxf3 $17) 21... Qh8 $1 $17)
20... Qf8 21. Rxe8 (21. Bxg7 {isn't better than the continuation in the game:}
Qxg7 22. Ng5 Bxg2 23. Kxg2 h4 $36) 21... Rxe8 22. Bxg7 Qxg7 23. Re1 Rxe1+ 24.
Nxe1 Qa1 $132 {Black's pawn structure is worse, but his pieces are more active.
Therefore, the position is probably equal.} 25. Qe2 {threatening with the mate
on e8.} (25. a3 {doesn't promise anything special.} Bxg2 (25... Qxa3 26. Bxb7+
Kxb7 27. Qxd7 Qxb3 28. Qb5+ $11) 26. axb4 Bc6 27. bxc5 Qe5 $44) 25... Bf3 (
25... Bxg2 {leads to unclear endgame.} 26. Kxg2 Qxa2 27. Qxa2 (27. Qe8+ Kb7 28.
Qxd7 Qe2 $19) 27... Nxa2 28. Nd3 $132 {Probably, White isn't worse, as he can
win black's kingside pawns, that will allow him to push forward his three
connected pawns.}) 26. Bxf3 gxf3 27. Qe4 (27. Qe8+ {leads to equality as well:}
Kb7 28. Kf1 Qxa2 29. Qe3 c6 $1 30. Nxf3 d5 31. cxd5 cxd5 32. Qxc5 Qxb3 $11)
27... c6 28. Kf1 Qxa2 (28... Qxa2 29. Qxf3 d5 30. Qe3 d4 (30... Kb7 31. Nd3)
31. Qe8+ Kb7 32. Qd7+ (32. Qxh5 Qb1 $1 33. Qe5 (33. Qxc5 $4 Qxe1+ $19) 33...
Kb6 34. Qb8+ $11 (34. h4 d3)) 32... Kb6 33. Qd8+ Ka6 34. Qc8+ $11) 1/2-1/2

[Event "Pamplona 14th"]
[Site "Pamplona"]
[Date "2004.12.27"]
[Round "5"]
[White "Sutovsky, Emil"]
[Black "Karjakin, Sergey"]
[Result "0-1"]
[WhiteElo "2697"]
[BlackElo "2576"]
[Annotator "Erenburg,S"]
[PlyCount "106"]
[EventDate "2004.12.22"]
[EventType "tourn"]
[EventRounds "7"]
[EventCountry "ESP"]
[EventCategory "16"]
[SourceTitle "CBM 105"]
[Source "ChessBase"]
[SourceDate "2005.04.11"]
[SourceVersion "1"]
[SourceVersionDate "2005.04.11"]
[SourceQuality "1"]

1. e4 e5 2. Nf3 Nc6 3. d4 exd4 4. Nxd4 Nf6 5. Nxc6 bxc6 6. e5 Qe7 7. Qe2 Nd5 8.
c4 Nb6 {Another main line is 8...Ba6.} 9. Nc3 {Other possibilities are:} (9. b3
{1/2-1/2 Vallejo Pons,F-Leko,P/Linares 2004/CBM 100/[Postny] (25)}) ({and} 9.
Nd2) 9... Qe6 {Opening the diagonal for the dark-squared bishop and preparing
to attack Pc4 as well.} ({Popular alternative is} 9... a5) 10. Qe4 Ba6 {
Other continuations are:} (10... g6 {--> 1-0 Rublevsky,S-Lautier,J/Poikovsky
2004/CBM 100 [Postny,E] (49)}) (10... d5 {--> 1-0 Pavasovic,D-Carlsen,M/Wijk
aan Zee 2004/CBM 99 [Postny,E] (59)}) (10... Bb4 11. Bd2 Bxc3 12. Bxc3 d5 13.
cxd5 cxd5 14. Qb4 Nd7 15. Bb5 c6 16. Ba4 Rb8 17. Qd6 Qxd6 18. exd6 $16 {
1/2-1/2 Motylev,A-Vajda,L/Bucharest 2000/CBM 77 (110)}) 11. b3 Bb4 {Another
option is} (11... O-O-O {1/2-1/2 Morozevich,A-Khalifman,A/Wijk aan Zee 2002/
CBM 087/[Postny] (50)}) 12. Bd2 Bxc3 13. Bxc3 d5 14. Qh4 {This move was
introduced by G.Kasparov six years ago.} (14. Qf3 {--> 1/2-1/2 Ponomariov,
R-Spassky,B/Cannes 1998/CBM 65 [Mikhalevski,V] (58)}) 14... dxc4 15. Be2 Nd5 ({
Black doesn't equalize after} 15... O-O 16. O-O Nd5 17. Bxc4 Bxc4 18. Qxc4 $14
{1/2-1/2 Mikhalchishin,A-Onischuk,A/Batumi 1999/CBM 74 [Mikhalevski,V] (55)})
16. Bxc4 ({In the first game for 14.Qh4 line Kasparov played} 16. Bd4 {and got
the advantage after} c5 17. Bxc5 Nc3 18. Bxc4 Qxe5+ 19. Be3 $14 {1-0 Kasparov,
G-Adams,M/Sarajevo 1999/CBM 71 [Mikhalevski,V] (31)  However, the strong move
16...Qf5! /\ Nf4 [Morozevich-Piket/KasparovChessGP 2000] forced white to
switch to 16.Bxc4}) 16... g5 $1 {Other options don't bring black comfortable
play:} (16... Bxc4 17. Qxc4 Nxc3 18. Qxc3 O-O 19. O-O Rad8 20. Rac1 $16 {
1-0 Kulaots,K-Sepp,O/Puhajarve 2001/CBM 85 (56)}) (16... Bb5 17. O-O g5 18. Qd4
Bxc4 19. bxc4 Nf4 20. Rfe1 $14 {1/2-1/2 Macieja,B-Timman,J/Willemstad 2001/EXT
2002 (42)}) 17. Bxd5 {A very rare move, which was played only by Emil.} ({
Black had some problems in the following line:} 17. Qd4 Bxc4 18. Qxc4 Nf4 (
18... O-O-O $1 $146 {, but, in the last Olympiad Karjakin found some
improvement...} 19. O-O Nf4 20. Qxe6+ Nxe6 21. Rac1 Rd3 22. Rfd1 Rd5 23. Kf1
Rhd8 24. Re1 h5 25. g3 g4 26. Kg2 Ng5 27. e6 Nxe6 28. Bf6 Rg8 29. Re4 Rg6 30.
Be5 Nc5 31. Rxc5 Rxc5 32. Bf4 Re6 33. Ra4 a5 34. a3 Rb5 {0-1 Mamedov,
R-Karjakin,S/Calvia ESP 2004/The Week in Chess 520 (34)}) 19. Qxe6+ Nxe6 20.
O-O-O $14 {--> 1-0 Kasparov,G-Timman,J/Wijk aan Zee 2000/CBM 75 [Mikhalevski,V]
(36)}) (17. Qxg5 $4 Bxc4 $19 {[%csl Rc3]}) 17... Qxd5 $1 $146 {[%mdl 8] looks
like an improvement in comparison to the preceding game:} (17... cxd5 18. Qxg5
c5 19. O-O-O Bb7 20. f4 h6 21. Qh5 O-O-O 22. f5 Qe7 23. e6 $16 {1-0 Sutovsky,
E-Stefansson,H/Reykjavik 2004/CBM 099 ext (40)}) 18. Qxg5 Rd8 19. Qg4 ({
Comes into consideration:} 19. Rg1 $5 c5 (19... Qb5 20. Qg4 Rd3 (20... Rd2 21.
Bxd2 Qxe5+ 22. Kd1 Qxa1+ 23. Bc1 $16) 21. Rc1 Qc5 22. Qb4 Re3+ 23. Kd1 Rd3+ 24.
Kc2 Qxf2+ 25. Kb1 $16) (19... Qd3 20. Qe3) 20. Qg4 $1 {[%cal Yg4a4]} c4 (20...
Qd3 21. Rc1 c4 22. b4 Bc8 23. Qf4 Rg8 $13) 21. b4 $14) 19... h5 20. Qf3 Qxf3
21. gxf3 Rg8 $44 {Black is a pawn down, but he has some compensation, thanks
to his very active pieces. But, of course, the sides play only for two results
(1-0 or draw).} (21... Rd3 22. Rc1 Rxf3 23. Bd4 $16) 22. Rd1 {White is
interested to change one of the rooks, in order to weaken black's initiative.}
Bd3 23. Rc1 {threatening with Ba5.} Rg6 24. Bb2 Rd5 25. Kd2 {activating the
king.} Bf5+ 26. Ke3 Rd3+ 27. Ke2 Rd5 {The best location for the rook, as White
cannot drive away it from there.} 28. Rhd1 Kd7 29. Rd4 {White can attack the
black pawns on the both sides of the board from the 4th rank.} Re6 30. Rf4 Bg6
31. Ra4 f6 32. f4 c5 33. Ra5 $2 {I guess, there are some mistakes in the
scoresheet, otherwise, white could win another pawn on a7:} (33. Rxa7 $18)
33... Rc6 34. b4 Rb6 35. a3 Rb5 36. Ra6 {Unfortunately, we cannot know what
exactly was in the game...} ({Again, stronger was the simple} 36. Rxb5 Bd3+ 37.
Kf3 Bxb5 38. exf6 cxb4 39. axb4 $18) ({or} 36. Rxa7 $18) 36... cxb4 37. Rac6
bxa3 38. Rxc7+ Ke6 39. Bxa3 (39. R1c6+ {won immediately:} Kf5 40. Rxf6+ Kg4 (
40... Ke4 41. f3#) 41. Rxg6+ $18) 39... Kf5 40. R1c4 $2 (40. exf6 Kxf6 41.
R1c6+ Kf5 42. Rg7 $18 Rb3 43. Bc1 $18) 40... Rb3 41. Bc1 h4 $1 {liberating the
h5 square for the bishop.} 42. f3 (42. exf6 Kxf6 43. R4c6+ Kf5 44. Rxa7 Bh5+
45. f3 Bxf3+ 46. Kf2 Rd1 47. Rc5+ Kg4 48. Rg5+ Kh3 49. Ra3 Rxa3 50. Bxa3 $11)
42... Bh5 43. R7c6 Bxf3+ 44. Kf2 Ra5 (44... fxe5 45. fxe5 Ra5 46. Rd6 (46. Rf6+
Kxe5 47. Rxf3 Ra2+ $19) 46... Kxe5 47. Bf4+ Kf5 48. Bd2 $11) 45. Rxf6+ Kg4 46.
f5+ (46. Bd2 Rd5 47. Rd6 Rxd6 48. exd6 Rd3 49. Be3) 46... Kh3 47. Rd6 (47. Bd2
Rxe5 48. Rc3 Rxc3 49. Bxc3 Rc5 50. Bd4 Rd5 51. Kxf3 Rxd4 $11) 47... Rxe5 48.
Rdd4 Re2+ 49. Kf1 Kxh2 50. Rxh4+ Kg3 51. Rh7 Rf2+ 52. Kg1 $4 (52. Ke1 $11)
52... Rg2+ 53. Kf1 {[%tqu "En","Please find the best move for black.","","",
"f3e2","",10]} Be2+ {Interesting game, but, unfortunately, there are too many
mistakes in the scoresheet...} 0-1

[Event "Sarajevo Bosnia-A 38th"]
[Site "Sarajevo"]
[Date "2008.05.29"]
[Round "6"]
[White "Morozevich, Alexander"]
[Black "Sokolov, Ivan"]
[Result "1-0"]
[WhiteElo "2774"]
[BlackElo "2690"]
[Annotator "Erenburg,S"]
[PlyCount "55"]
[EventDate "2008.05.23"]
[EventType "tourn"]
[EventRounds "10"]
[EventCountry "BIH"]
[EventCategory "18"]
[SourceTitle "CBM 125"]
[Source "ChessBase"]
[SourceDate "2008.07.30"]
[SourceVersion "1"]
[SourceVersionDate "2008.07.30"]
[SourceQuality "1"]

{[%mdl 8256]} 1. e4 e5 2. Nf3 Nc6 3. d4 exd4 4. Nxd4 Bb4+ {The idea of this
rare continuation is to prevent the development of White's queenside knight to
c3. More popular lines are:} (4... Nf6) (4... Bc5) 5. c3 (5. Nc3 {would
probably lead to the Four Knights Opening:} Nf6) 5... Bc5 6. Nxc6 bxc6 ({
Of course} 6... Qf6 $4 {is not possible anymore, because of} 7. Nd4) 7. Bd3 Ne7
{Completing the development. Usually Black transfers his knight to e5 via g6.}
({In the most populat game of this line Black has tried to activate the queen
first, and only then to complete the development of the kingside:} 7... Qh4 8.
Qe2 Nf6 9. h3 $1 {However, Kasparov managed to exploit the unfortunate
position of Black's queen:} O-O 10. g3 Qh5 11. g4 Qe5 12. g5 Nxe4 13. Bxe4 Re8
14. Bf3 Qxe2+ 15. Bxe2 Ba6 16. c4 Bxc4 17. Nc3 $16 {1-0 Kasparov,G-Leko,P/
Fontys 1997/CBM 61 (31)}) 8. O-O {Morozevich chooses the most natural move
keeping all the available plans open. White played the more aggressive 8.Qh5
and 8.h4, as well as more popular 8.Nd2 in the preceeding games:} (8. Nd2 O-O (
{Black hasn't equalized after} 8... d5 9. O-O O-O 10. Nb3 Bb6 11. c4 $1 {
The threat c4-c5 forces Black into the following simplification.} dxe4 12. Bxe4
Qxd1 13. Rxd1 Be6 14. Bd3 $14 {1/2-1/2 Bacrot,E (2645)-Fontaine,R (2541)/Aix
les Bains 2003 (59)}) 9. O-O d6 10. Kh1 (10. b4 {could be recommended.} Bb6 11.
a4 {and there is no clear way to equalize the game. For instance:} a5 12. Nc4
Be6 13. Nxb6 cxb6 14. Be3) 10... f5 11. f4 Bb6 12. Qf3 Kh8 13. exf5 Bxf5 14.
Bxf5 Nxf5 $11 {0-1 Wiersma,E (2414)-Kasimdzhanov,R (2672)/Fuegen 2006/CBM 115 
(38)}) (8. h4 $5 {[%cal Yh4h5,Yh5h6] The idea of this early pawn advance is to
attack Black's monarch's residence.} O-O (8... d5 {looks more logical.}) 9. h5
h6 ({Probably better was} 9... f5 $5 10. e5 d6 11. h6 g6 12. Bc4+ $1 d5 (12...
Kh8 13. b4 Bb6 14. Bg5 $1 Qe8 15. Bf6+ $14) 13. Bd3 $14) 10. Bxh6 $1 gxh6 11.
Qg4+ Kh8 (11... Kh7 $2 12. e5+ Kh8 13. Qf4 f5 (13... Kg7 $2 14. Qf6+ Kg8 15.
Qxh6 f5 16. exf6 $18) (13... Ng8 $2 14. Qf5 $18) 14. Qxh6+ Kg8 15. g4 $1 $40)
12. Qf4 $14 {[%csl Rc5,Rh6,Rh8][%cal Gf4e5] 1/2-1/2 Nataf,I (2526)-Miles,A 
(2584)/Mondariz 2000 (60)}) ({White hasn't got anything special after} 8. Qh5
d6 9. Bg5 Rb8 10. b3 O-O 11. Nd2 Qe8 12. b4 Bb6 13. Nc4 Ng6 14. Nxb6 axb6 15.
Be3 f5 $1 $11 {1/2-1/2 Sax,G (2570)-Miles,A (2595)/Szeged 1997}) 8... O-O 9.
Bg5 $5 $146 {Morozevich's abilitiy to find new moves and ideas is incredible!
This moves looks so logical: it prevents normal development of black's
kingside and makes him weaken its position. Every time I encounter one of
Morozevich's novelties, I ask myself: "How come that nobody played it before?!"
} (9. Nd2 {was mainly played previously, which leads to 8.Nd2 0-0 9.0-0 line.})
({Another possible attempt to fight for an opening advantage is} 9. b4 Bb6 10.
a4 a5 11. Nd2 d5 12. exd5 $6 {improving Black's pawn structure.} (12. Nb3 {
looks better:} dxe4 (12... Re8 13. Qc2 $14) 13. Bxe4 Bf5 14. Bxf5 Nxf5 15. Bf4
$14) 12... cxd5 $2 ({Much stronger was} 12... axb4 $1 13. cxb4 Nxd5 $15 14. Ba3
$2 Ne3 $1 $19) 13. Nb3 c6 (13... Nc6 $5 14. b5 Ne5 15. Bxh7+ Kxh7 16. Qh5+ Kg8
17. Qxe5 $14) 14. Ba3 axb4 15. Bxb4 Re8 16. Qc2 Ng6 17. a5 Ba7 18. Rfe1 $14 {
0-1 Drei,A (2351)-Miles,A (2579)/Reykjavik 2000/CBM 075 ext (29)}) 9... f6 10.
Bh4 d6 $6 {Somehow after this move I wasn't able to find a way to equalize the
game for Black...} ({More consistent and stronger was} 10... Ng6 $1 {
activating the knight} 11. Bg3 Ne5 12. Be2 (12. b4 Bb6 13. Na3 d5) (12. Kh1 {
[%cal Yf2f4]} d5 $1 $15) 12... d5 $11 {and Black's active pieces compensate
for his inferior pawn structure.}) 11. Nd2 Ng6 12. Bg3 f5 {It looks like with
this breakthrough Black solves all the opening problems, but it is not the
case. White has always a slight advantage due to a superior pawn structure.} (
12... Ne5 {doesn't solve all the problems:} 13. Nb3 Bb6 14. Nd4 Bd7 (14... Nxd3
15. Qxd3 c5 (15... Bd7 16. Nxc6 {[%cal Yd3c4]}) 16. Nf5 Bxf5 17. exf5 d5 18.
Rfe1 $16) 15. Be2 $14 {with following a2-a4.}) 13. exf5 Bxf5 14. Bxf5 Rxf5 15.
a4 {Threatening to kill the bishop with b2-b4.} a6 (15... a5 {perhaps was
better than the move in the text, but White would have kept the initiative
either way:} 16. Qb3+ (16. b4 Bb6) 16... Kh8 17. Rae1 Rb8 18. Qc2 Qd7 19. Nc4
$14) 16. Qb3+ $1 {With the brilliant transfer of the queen to b7, where it
looks to be awkward, Morozevich gets an obvious advantage. It is not so easy
for Black to protect all his queenside pawns.} Kh8 17. Qb7 $1 Rb8 $2 {This
logical move is actually bad. After White gets a passed a-pawn, it turns out
that Black cannot do anything with his virtually active pieces.} (17... Rd5 {
is Fritz's suggestion. Black blocks the main diagonal, forcing White to trade
the queens:} 18. Ne4 Qc8 19. Qxc8+ (19. Qxc6 Ne7 $19) 19... Rxc8 20. Rfe1 $14)
(17... Ne7 {looks passive, but White's advantage is not as big as in the game:}
18. Ne4 (18. Bh4 g5) 18... Qb8 (18... Bb6 19. Bh4 Qc8 20. Qxc8+ Nxc8 $16) (
18... h6 19. Rad1 Qb8 20. Qxb8+ Rxb8 21. Rfe1 $14 Ng6 $2 22. Nxc5 Rxc5 23. Rxd6
$16) 19. Qxb8+ Rxb8 20. Rfe1 $14) 18. Qxa6 Rxb2 19. Ne4 $16 {White easily
neutralizes Black's initiative and converts his positional advantage to
convincing victory.} h5 (19... h6 20. a5 $16 (20. Qxc6 Rb6)) 20. h4 $1 {
The key move. After Black is stopped on the kingside and White got another
important spot g5, it looks like Black's position became lost...} Rb6 ({
Of course Black cannot take the pawn:} 20... Nxh4 $4 21. Bxh4 Qxh4 22. Qc8+ $18
) (20... Nf4 {was another logical attempt to attack White's king. But, White's
position is solid enough to parry all the threats:} 21. Rfe1 (21. Qxc6 $4 Rb6)
21... Qf8 22. Qxc6 $1 ({Only not} 22. Kh2 $2 Nxg2 23. Kxg2 Rfxf2+ 24. Nxf2
Rxf2+ 25. Bxf2 Qxf2+ 26. Kh3 Qf3+ 27. Kh2 $11) 22... Ne2+ (22... Nxg2 23. Kxg2
Bxf2 24. Nxf2 Rfxf2+ 25. Kh1 $18) 23. Kh2 Nxg3 24. fxg3 $18) ({In event of} 
20... Qf8 {White plays cool, taking the pawn:} 21. Qxc6 Ne5 22. Bxe5 Rxe5 23.
a5 $18 {and there is nothing Black can do.}) 21. Qc4 Qg8 (21... Qf8 {is met by}
22. Qe2 {[%cal Ye4g5]}) (21... Rb2 22. Qe6 $1 Ne7 23. Rae1 $18) 22. Qe2 Rb8 $2
{loses right away.} ({The last chance was} 22... Qe6 23. Rfe1 $18) 23. Ng5 $18
{Now the game is over, since White wins the h5 pawn and develops a decisive
attack.} Nf8 24. Qxh5+ Nh7 25. Rae1 Bb6 26. Re7 Rbf8 27. Kh2 R5f6 28. a5 {
Another impressive victory by the Winner of Sarajevo!} 1-0

[Event "Jakarta"]
[Site "Jakarta"]
[Date "1994.??.??"]
[Round "7"]
[White "Handoko, Edhi"]
[Black "Xie, Jun"]
[Result "1/2-1/2"]
[WhiteElo "2490"]
[BlackElo "2515"]
[Annotator "Ernst,T"]
[PlyCount "104"]
[EventDate "1994.04.??"]
[EventType "tourn"]
[EventRounds "13"]
[EventCountry "INA"]
[EventCategory "10"]
[SourceTitle "CBM 041"]
[Source "ChessBase"]
[SourceDate "1994.08.01"]
[SourceVersion "1"]
[SourceVersionDate "1994.08.01"]
[SourceQuality "1"]

1. e4 e5 2. Nf3 Nc6 3. d4 exd4 4. Nxd4 Nf6 5. Nxc6 bxc6 6. e5 Qe7 7. Qe2 Nd5 (
7... Ng8 $145 $5 8. b3 f6 9. Bb2 fxe5 10. Bxe5 $6 (10. Qxe5 Qxe5+ 11. Bxe5 d6
12. Bb2 Bf5 $10) 10... Ba6 $1 11. Qe3 (11. c4 O-O-O $36) 11... Bxf1 12. Kxf1
Nf6 13. Bxf6 (13. Bxc7 Qxe3 14. fxe3 Nd5 15. Bf4 Bc5 $40) 13... Qxe3 14. fxe3
gxf6 $15 {Mukhametdov,E-Bezgodov,A (02)/RUS-ch plof/1994/0-1/50/}) 8. c4 Ba6 9.
b3 Qh4 (9... O-O-O 10. g3 Re8 11. Bb2 f6 $10 {Kasparov-Karpov/New York/1990/})
(9... f6 10. Bb2 fxe5 11. g3 O-O-O 12. Nd2 {Thorhallsson,T-Fyllingen,R/Gausdal
int/1991/} Re8 $10) 10. a3 Bc5 11. Bb2 (11. Qf3 Bd4 12. Ra2 Nb6 13. Bd3 O-O-O
14. Re2 Rhe8 15. g3 Qe7 16. O-O Bxe5 17. Rfe1 Qf6 18. Bf4 $16 {Thorhallsson,
T-Jonsson,B/Iceland/1992/}) (11. g3 $2 Bxf2+ 12. Qxf2 Qe4+ $19 {Natali,
N-Kakhiani,K/Baden Baden op/1991/}) 11... Nf4 12. Qf3 Ne6 13. g3 Nd4 (13... Qh6
14. Nd2 Rb8 15. Qd3 O-O 16. Bg2 Rfd8 17. b4 d6 $10 {Sax,G-Van der Wiel/Waz A/
1992/}) 14. Qd3 Qg4 15. Nd2 d5 16. Bg2 (16. exd6 $6 O-O $17) 16... O-O-O 17. h3
Qh5 18. Bxd4 (18. O-O $2 dxc4 19. Qe4 c3 20. Bxc3 Bxf1 $17 21. Re1) 18... dxc4
19. Nxc4 Rxd4 20. Nd6+ Kb8 21. Qxa6 Qxe5+ 22. Qe2 (22. Kf1 Rxd6 23. Re1 Qf6 $17
) 22... Qxe2+ 23. Kxe2 cxd6 24. Bxc6 Rc8 25. Bb5 Rd5 26. a4 Bb4 27. Rac1 Rd2+
28. Kf3 Rc5 $1 $15 29. Rxc5 Bxc5 30. Rf1 d5 31. Be2 Rb2 32. Rd1 Rxb3+ 33. Rd3
Rxd3+ 34. Bxd3 g6 35. h4 Kc7 36. Ke2 Kb6 37. Bb5 Bd4 38. Be8 f6 39. f3 Kc5 40.
h5 gxh5 41. Bxh5 Be5 42. g4 Kd4 43. Bf7 Bc7 44. Bg8 h6 45. Bf7 Bb6 46. Bg8 $10
Kc4 47. Bf7 Kb4 48. Be8 Kc3 49. Bf7 d4 50. Bg6 Bc5 51. Bf5 Kb4 52. Bd7 Kc3
1/2-1/2